00528nam a2200181 a 45000010010000000030011000100080041000210350026000620820015000881000016001032450025001192600053001446500011001979420012002089520091002209980020003119990015003310000-9000ELIB.Books110520 2001  a(ELIB.Books)0000-9149 aB.Th bEdw aEdward, Saw aTrue Joy in the Lord bInsein: Karen Baptist Theolgical Seminary c2001 aThesis 2ddccBK 00102ddc4070aKBTSbKBTSd2011-05-20l0p30076r2022-01-22 00:00:00w2022-01-22yBK cbate2011-05-20 c9000d9000